| 000 | 01501nam a22003137a 4500 | ||
|---|---|---|---|
| 005 | 20200104041633.0 | ||
| 008 | 150305b2014 ck ||||| ||||o00| 0 spa d | ||
| 020 | _a9789589934388 | ||
| 040 |
_aCo-BoIAvH _cCo-BoIAvH |
||
| 041 | _aspa | ||
| 044 | _ack | ||
| 082 | 0 | 4 |
_a633.7 _bR62c |
| 100 | 1 | _aRoa Castañeda, José James | |
| 245 | 1 | 0 |
_aCoca: _bdeforestación, contaminación y pobreza |
| 246 |
_aCoca: deforestación, contaminación y pobreza´: _bacercamiento a la actividad económica y la problemática ambiental de los cultivos de coca en Colombia |
||
| 260 |
_aBogotá: _bPolicía Nacional de Colombia, _c2014. |
||
| 300 |
_a212 p. _bfotografías a color, tablas, mapas _c24 cm. |
||
| 504 | _aIncluye referencias bibliográficas (pag. 206-212) | ||
| 505 | _aAntecedentes de los cultivos ilícitos en Colombia. Coca: plantas y variedades. Actividad agronómica. Dinámica y situación actual de los cultivos de coca. Impacto ambiental ocasionado por los cultivos de coca. Siembra y producción. Impacto socioeconómico y cultural de la actividad cocalera. | ||
| 650 | 4 |
_aPlantas alcaloides _xagricultura |
|
| 650 | 4 |
_aCultivo de plantas alcaloides _zColombia |
|
| 651 |
_aCoca _yaspectos ambientales |
||
| 651 | _aAgricultura | ||
| 651 | _aDeforestación | ||
| 651 | _aCultivos ilícitos | ||
| 700 | 1 | _aNuñez Dueñas, James | |
| 710 | 1 |
_aPolicía Nacional de Colombia. _bDirección Antinarcóticos |
|
| 942 |
_2ddc _cLIBRO |
||
| 999 |
_c9080 _d9080 |
||